[Event "NCL967 Croydon-Na Fianna"]
[Site "Rd11"]
[Date "1997.??.??"]
[Round "11.7"]
[White "Connolly, Suzanne"]
[Black "McGrath, James"]
[Result "0-1"]
[WhiteElo "1840"]
[BlackElo "2088"]
[PlyCount "80"]
[EventDate "1997.04.26"]
[Source "J.Saunders"]
[SourceDate "1998.06.06"]

1. e4 Nf6 2. e5 Nd5 3. d4 d6 4. c4 Nb6 5. exd6 cxd6 6. Nc3 g6 7. Nf3 Bg7 8. Be2
Nc6 9. O-O O-O 10. Be3 e5 11. Qd2 Bg4 12. d5 Bxf3 13. Bxb6 Qxb6 14. Bxf3 Nd4
15. Be2 Rac8 16. Rac1 f5 17. Kh1 Qd8 18. f3 Qh4 19. g3 Bh6 20. Qd3 Qe7 21. Rce1
Qc7 22. b3 Qa5 23. Bd1 a6 24. Ne2 Nxf3 25. Qxf3 Bd2 26. Nc3 Bxc3 27. Re2 b5 28.
Rc2 Bd4 29. Be2 b4 30. Qd3 Qd8 31. Rd1 a5 32. Bf1 Rc7 33. Bg2 Rcf7 34. Rf1 Bc5
35. Rcc1 Kg7 36. Rc2 h5 37. Re1 h4 38. Bf1 e4 39. Qd2 hxg3 40. h3 Qh4 0-1

[Event "NCL967 Croydon-Na Fianna"]
[Site "Rd11"]
[Date "1997.??.??"]
[Round "11.8"]
[White "Turvey, Syringa"]
[Black "O'Siochru, Mairead"]
[Result "0-1"]
[WhiteElo "1624"]
[BlackElo "1880"]
[PlyCount "112"]
[EventDate "1997.04.26"]
[Source "J.Saunders"]
[SourceDate "1998.06.06"]

1. e4 c6 2. d4 d5 3. Nc3 dxe4 4. Nxe4 Bf5 5. Ng3 Bg6 6. Nf3 Nd7 7. h4 h6 8. h5
Bh7 9. Bd3 Bxd3 10. Qxd3 Qc7 11. c4 e6 12. O-O O-O-O 13. Be3 Ngf6 14. Qc2 Bd6
15. Ne4 Nxe4 16. Qxe4 Nf6 17. Qh4 Qa5 18. c5 Bb8 19. Ne5 Bxe5 20. dxe5 Nd5 21.
Bd4 Qd2 22. Rfd1 Qf4 23. Qh3 Qg5 24. g4 Rd7 25. Qf3 Rhd8 26. a3 Qf4 27. Qe2 g6
28. b4 gxh5 29. gxh5 Qg5+ 30. Kf1 Nf4 31. Qe4 Nxh5 32. Ra2 Qf4 33. Qxf4 Nxf4
34. Rad2 Nd5 35. f3 Rh8 36. Bf2 Rdd8 37. Kg2 Rdg8+ 38. Kh3 Rg5 39. Bg3 Rhg8 40.
Rg1 Rh5+ 41. Kg2 Rxe5 42. Kf2 Reg5 43. Rd4 f5 44. Rh4 R5g6 45. Bh2 Rxg1 46.
Bxg1 Rg6 47. Bh2 Kd7 48. Bd6 Ke8 49. Bb8 a6 50. Be5 Kf7 51. Ke2 Rg2+ 52. Kd3
Kg6 53. a4 Ra2 54. b5 axb5 55. axb5 Ra3+ 56. Ke2 Re3+ 0-1

[Event "NCL967 NW Eagles-SW Dragons"]
[Site "Rd11"]
[Date "1997.??.??"]
[Round "11.1"]
[White "Quillan, Gary"]
[Black "Cummings, David"]
[Result "1-0"]
[WhiteElo "2320"]
[BlackElo "2360"]
[PlyCount "69"]
[EventDate "1997.04.26"]
[Source "J.Saunders"]
[SourceDate "1998.06.06"]

1. e4 c5 2. Nf3 e6 3. c3 Nf6 4. d3 d5 5. Nbd2 Nc6 6. g3 Be7 7. Bg2 O-O 8. O-O
Rb8 9. Re1 b5 10. e5 Nd7 11. a3 a5 12. Nf1 b4 13. h4 bxc3 14. bxc3 Ba6 15. N1h2
Qb6 16. Qd2 a4 17. Bf1 Na5 18. Qf4 c4 19. Qg4 Kh8 20. Bg5 Qd8 21. d4 Rb3 22.
Re3 Qe8 23. Be2 Rxa3 24. Rxa3 Bxa3 25. Bd1 Nb3 26. Bc2 Bc8 27. Bf6 Nxf6 28.
exf6 g6 29. Qf4 Rg8 30. h5 g5 31. Nxg5 Bc1 32. Nxh7 Bxe3 33. Qxe3 Rg6 34. hxg6
fxg6 35. Qh6 1-0

[Event "NCL967 NW Eagles-SW Dragons"]
[Site "Rd11"]
[Date "1997.??.??"]
[Round "11.2"]
[White "Saunders, John"]
[Black "Lund, Brett"]
[Result "1/2-1/2"]
[WhiteElo "2240"]
[BlackElo "2260"]
[PlyCount "64"]
[EventDate "1997.04.26"]
[Source "J.Saunders"]
[SourceDate "1998.06.06"]

1. e4 c5 2. c3 Nf6 3. e5 Nd5 4. d4 cxd4 5. Nf3 e6 6. cxd4 b6 7. Bd3 Bb4+ 8. Bd2
Bxd2+ 9. Nfxd2 Ba6 10. Ne4 O-O 11. Nbc3 Nxc3 12. bxc3 Bxd3 13. Qxd3 d5 14. exd6
f5 15. Nd2 Qxd6 16. O-O Nd7 17. Rfe1 Rac8 18. a4 Rc6 19. a5 b5 20. Qxb5 Rxc3
21. Nf3 h6 22. h3 Rfc8 23. Qe2 Nf8 24. Qe5 Qxe5 25. Nxe5 Nh7 26. Ng6 Kf7 27.
Nf4 Nf8 28. d5 exd5 29. Nxd5 R3c5 30. Re7+ Kg8 31. Nf4 R8c7 32. Rae1 Rxe7
1/2-1/2

[Event "NCL967 NW Eagles-SW Dragons"]
[Site "Rd11"]
[Date "1997.??.??"]
[Round "11.3"]
[White "Littlewood, John"]
[Black "Morris, Charles"]
[Result "1-0"]
[WhiteElo "2275"]
[BlackElo "2215"]
[PlyCount "75"]
[EventDate "1997.04.26"]
[Source "J.Saunders"]
[SourceDate "1998.06.06"]

1. e4 e6 2. d4 d5 3. e5 c5 4. dxc5 Nc6 5. Nf3 Bxc5 6. Bd3 Qc7 7. Bf4 Nge7 8.
O-O f5 9. h4 Ng6 10. Bh2 O-O 11. Na3 a6 12. c4 Rd8 13. Qe2 Bxa3 14. bxa3 dxc4
15. Bxc4 Nd4 16. Nxd4 Rxd4 17. Rac1 Qe7 18. h5 Nf8 19. Rfd1 Rxd1+ 20. Rxd1 b5
21. Bb3 Bb7 22. Bf4 Rc8 23. Rd3 Rc5 24. Qd2 Be4 25. Rg3 Rc7 26. Bg5 Qd7 27. Qb4
Kf7 28. h6 g6 29. Bd2 Rc8 30. Re3 Qb7 31. f3 Bd5 32. Rd3 Bc4 33. Bxc4 Rxc4 34.
Qd6 Rc8 35. Bb4 Qa7+ 36. Kh2 a5 37. Rc3 Rxc3 38. Qxf8# 1-0

[Event "NCL967 NW Eagles-SW Dragons"]
[Site "Rd11"]
[Date "1997.??.??"]
[Round "11.4"]
[White "Zeidler, Sven"]
[Black "Tebb, David"]
[Result "1/2-1/2"]
[WhiteElo "2265"]
[BlackElo "2320"]
[PlyCount "60"]
[EventDate "1997.04.26"]
[Source "J.Saunders"]
[SourceDate "1998.06.06"]

1. e4 c5 2. Nc3 Nc6 3. Bb5 Nd4 4. Bc4 g6 5. Nge2 Bg7 6. d3 e6 7. O-O Ne7 8.
Nxd4 cxd4 9. Ne2 O-O 10. Bg5 h6 11. Bf4 d5 12. Bb3 f5 13. f3 Kh7 14. c3 dxc3
15. Nxc3 b6 16. exd5 e5 17. Bg3 Bb7 18. Re1 f4 19. Bh4 g5 20. Bf2 Nf5 21. Rc1
Rc8 22. Re2 h5 23. Rec2 Qe8 24. Ne4 Qg6 25. Rc7 Rxc7 26. Rxc7 Ba8 27. d4 Kh8
28. dxe5 Bxe5 29. Rxa7 g4 30. fxg4 hxg4 1/2-1/2

[Event "NCL967 NW Eagles-SW Dragons"]
[Site "Rd11"]
[Date "1997.??.??"]
[Round "11.5"]
[White "Sheldon, Ruth"]
[Black "Spice, Alan"]
[Result "1-0"]
[WhiteElo "2230"]
[BlackElo "2210"]
[PlyCount "79"]
[EventDate "1997.04.26"]
[Source "J.Saunders"]
[SourceDate "1998.06.06"]

1. d4 e6 2. c4 f5 3. g3 Nf6 4. Bg2 Be7 5. Nc3 O-O 6. Nf3 d6 7. O-O Qe8 8. b4 e5
9. dxe5 dxe5 10. c5 e4 11. Nd4 Qf7 12. f3 exf3 13. Rxf3 Rd8 14. Rd3 Na6 15. a3
Kh8 16. Nf3 Re8 17. Bf4 Qg8 18. Ne5 c6 19. e4 Be6 20. Qe2 Rad8 21. Rxd8 Bxd8
22. Re1 Nc7 23. Qd1 fxe4 24. Nxe4 Nxe4 25. Bxe4 g5 26. Be3 Bf6 27. Bd4 Qg7 28.
Qa1 Kg8 29. Nxc6 Bxd4+ 30. Nxd4 Bh3 31. Bd5+ Kh8 32. Rxe8+ Nxe8 33. Nb3 Nf6 34.
Bg2 Bxg2 35. Kxg2 Qe7 36. Qd1 Qe4+ 37. Kg1 Qe3+ 38. Kf1 Kg7 39. Nd4 Ne4 40.
Nf5+ 1-0

[Event "NCL967 NW Eagles-SW Dragons"]
[Site "Rd11"]
[Date "1997.??.??"]
[Round "11.6"]
[White "Rayner, Francis"]
[Black "James, Dale"]
[Result "1/2-1/2"]
[WhiteElo "2185"]
[BlackElo "2250"]
[PlyCount "100"]
[EventDate "1997.04.26"]
[Source "J.Saunders"]
[SourceDate "1998.06.06"]

1. c4 e5 2. Nc3 g6 3. Nf3 Bg7 4. d4 Nc6 5. dxe5 Nxe5 6. Nxe5 Bxe5 7. g3 Ne7 8.
Bg2 Bg7 9. O-O d6 10. Qd2 O-O 11. b3 Rb8 12. Bb2 a6 13. Nd5 f6 14. Rfd1 Be6 15.
Rac1 Qe8 16. Qa5 Qc8 17. Qd2 Bh3 18. Bf3 Be6 19. Nc3 f5 20. Nd5 Bxd5 21. cxd5
Bxb2 22. Qxb2 f4 23. Qd4 fxg3 24. hxg3 Nf5 25. Qc4 Rf7 26. Rc3 Qd7 27. Rdc1 Rc8
28. Bg2 Qe7 29. Qg4 Re8 30. Bf3 Qd8 31. Qb4 Qb8 32. Rc4 Ree7 33. Qc3 Qf8 34.
Rb4 b6 35. Rc4 Qh6 36. e4 Ng7 37. Kg2 Ne8 38. Bg4 Rf6 39. Be6+ Kf8 40. Rh1 Qg7
41. f4 c5 42. e5 Rfxe6 43. dxe6 d5 44. Ra4 Rxe6 45. Qf3 b5 46. f5 gxf5 47.
Qxf5+ Qf7 48. Qxf7+ Kxf7 49. Rxh7+ Kg8 50. Rah4 Rxe5 1/2-1/2

[Event "NCL967 NW Eagles-SW Dragons"]
[Site "Rd11"]
[Date "1997.??.??"]
[Round "11.7"]
[White "Giblin, William"]
[Black "Dyce, Andrew"]
[Result "1/2-1/2"]
[WhiteElo "2130"]
[BlackElo "2135"]
[PlyCount "67"]
[EventDate "1997.04.26"]
[Source "J.Saunders"]
[SourceDate "1998.06.06"]

1. d4 Nf6 2. Bg5 e6 3. e4 h6 4. Bxf6 Qxf6 5. Nf3 d6 6. Nc3 Nd7 7. Qd2 a6 8. h4
c5 9. O-O-O Be7 10. Kb1 b5 11. e5 dxe5 12. dxe5 Nxe5 13. Ne4 Qf5 14. Nd6+ Bxd6
15. Qxd6 Nd7 16. Qc6 Rb8 17. Bd3 Qf6 18. Be4 O-O 19. Rxd7 Bxd7 20. Qxd7 Qf4 21.
Qd3 Rfd8 22. Qe3 Qxe3 23. fxe3 Rd6 24. c3 c4 25. Kc1 Rbd8 26. Bc2 f6 27. h5 Kf7
28. Rh4 f5 29. Rd4 Rxd4 30. cxd4 Kf6 31. Kd2 g5 32. hxg6 Kxg6 33. Ke2 Kf6 34.
g3 1/2-1/2

[Event "NCL967 NW Eagles-SW Dragons"]
[Site "Rd11"]
[Date "1997.??.??"]
[Round "11.8"]
[White "Richmond, Jane"]
[Black "Taylor, Robert"]
[Result "1-0"]
[WhiteElo "2180"]
[BlackElo "1896"]
[PlyCount "57"]
[EventDate "1997.04.26"]
[Source "J.Saunders"]
[SourceDate "1998.06.06"]

1. e4 e5 2. Nf3 Nc6 3. d4 exd4 4. Nxd4 Nf6 5. Nc3 Bb4 6. Nxc6 bxc6 7. Bd3 d6 8.
O-O Bxc3 9. bxc3 O-O 10. Bg5 Qe7 11. f4 d5 12. exd5 Qe3+ 13. Kh1 Ne4 14. Qh5 f5
15. dxc6 Nf2+ 16. Rxf2 Qxf2 17. Bc4+ Kh8 18. Be7 Qxf4 19. Bxf8 Qxc4 20. Qe8 Bb7
21. Bxg7+ Kxg7 22. Qe5+ Kg8 23. cxb7 Rb8 24. Qxf5 Qf7 25. Qc8+ Qf8 26. Qxc7 Kh8
27. Qe5+ Kg8 28. Qd5+ Qf7 29. Qxf7+ 1-0

[Event "NCL967 Croydon-SW Dragons"]
[Site "Rd12"]
[Date "1997.??.??"]
[Round "12.2"]
[White "Dunworth, Chris"]
[Black "Cooper, John"]
[Result "1-0"]
[WhiteElo "2340"]
[BlackElo "2370"]
[PlyCount "63"]
[EventDate "1997.04.27"]
[Source "J.Saunders"]
[SourceDate "1998.06.06"]

1. d4 Nf6 2. Bg5 d6 3. Bxf6 exf6 4. g3 f5 5. Bg2 Nd7 6. e3 Nf6 7. Ne2 g6 8. Nd2
Bg7 9. Nf4 O-O 10. Nd5 Ne8 11. c3 c6 12. Nf4 Nf6 13. a4 Re8 14. O-O Ne4 15. Qc2
Qe7 16. Rfe1 h5 17. h4 Bh6 18. a5 Rb8 19. Qd3 Bd7 20. b4 Rbc8 21. Red1 Kh8 22.
c4 g5 23. hxg5 Bxg5 24. Nxh5 Nxf2 25. Kxf2 Bxe3+ 26. Kf1 Qg5 27. Bf3 f4 28. Kg2
Bf5 29. Qc3 fxg3 30. Rh1 Bxd2 31. Nf4+ Kg7 32. Qxd2 1-0

[Event "NCL967 Croydon-SW Dragons"]
[Site "Rd12"]
[Date "1997.??.??"]
[Round "12.3"]
[White "Zeidler, Sven"]
[Black "Harley, Andrew"]
[Result "1/2-1/2"]
[WhiteElo "2265"]
[BlackElo "2265"]
[PlyCount "113"]
[EventDate "1997.04.27"]
[Source "J.Saunders"]
[SourceDate "1998.06.06"]

1. e4 e6 2. d4 d5 3. exd5 exd5 4. Nf3 Nf6 5. Bg5 Be7 6. Bd3 O-O 7. O-O Bg4 8.
Nbd2 Nc6 9. c3 Re8 10. h3 Bh5 11. Re1 Qd6 12. Qc2 Bg6 13. Ne5 Bxd3 14. Qxd3 Nd7
15. Bf4 Ncxe5 16. Bxe5 Qb6 17. b3 Nxe5 18. Rxe5 Qc6 19. Rae1 Bd6 20. Rxe8+ Rxe8
21. Rxe8+ Qxe8 22. Kf1 c6 23. Nf3 Qe4 24. Qxe4 dxe4 25. Nd2 f5 26. g4 g6 27.
gxf5 gxf5 28. Nc4 Bc7 29. Ne3 f4 30. Nc4 Kf7 31. Nd2 e3 32. fxe3 fxe3 33. Nc4
Kf6 34. Nxe3 Kg5 35. Ng2 Kf5 36. Ke2 Ke4 37. Ne1 Kf4 38. Nf3 h5 39. c4 Kg3 40.
h4 Kf4 41. Ng5 Kg4 42. Nf7 Bb6 43. d5 cxd5 44. cxd5 Kf5 45. Kf3 Bd4 46. d6 Ke6
47. Nd8+ Kxd6 48. Nxb7+ Kc7 49. Na5 Bc3 50. Nc4 Be1 51. Ne3 Bxh4 52. Nd5+ Kd6
53. Nf4 Kc5 54. Ke4 Kb4 55. Nxh5 Ka3 56. Kd3 Kxa2 57. Kc4 1/2-1/2

[Event "NCL967 Croydon-SW Dragons"]
[Site "Rd12"]
[Date "1997.??.??"]
[Round "12.4"]
[White "Ledger, David"]
[Black "Spice, Alan"]
[Result "1-0"]
[WhiteElo "2235"]
[BlackElo "2210"]
[PlyCount "95"]
[EventDate "1997.04.27"]
[Source "J.Saunders"]
[SourceDate "1998.06.06"]

1. d4 e6 2. Nf3 f5 3. Nc3 Nf6 4. Bg5 d5 5. e3 Be7 6. Bxf6 Bxf6 7. Be2 Bd7 8.
O-O O-O 9. Qd2 Be8 10. Ne1 c6 11. Na4 Nd7 12. c4 Kh8 13. Nc3 dxc4 14. Bxc4 e5
15. Nc2 exd4 16. exd4 Nb6 17. Be2 Bf7 18. Rfd1 Qd7 19. b3 Rad8 20. Qf4 g5 21.
Qf3 Bg6 22. Rac1 Qg7 23. b4 Bxd4 24. Nxd4 Rxd4 25. Rxd4 Qxd4 26. b5 g4 27. Qe3
Qf6 28. bxc6 f4 29. Qc5 f3 30. Bf1 bxc6 31. Rd1 Qf5 32. Qd4+ Qf6 33. a4 c5 34.
Qxf6+ Rxf6 35. a5 fxg2 36. Be2 h5 37. axb6 axb6 38. Rd7 Bf5 39. Re7 Kg8 40. Nd5
Rd6 41. Re5 Bg6 42. Nf4 Bf7 43. Nxh5 c4 44. Nf4 c3 45. Bd3 Rd4 46. Rg5+ Kf8 47.
Rxg4 Ke7 48. Ng6+ 1-0

[Event "NCL967 Croydon-SW Dragons"]
[Site "Rd12"]
[Date "1997.??.??"]
[Round "12.5"]
[White "Saunders, John"]
[Black "Gunter, David"]
[Result "1/2-1/2"]
[WhiteElo "2240"]
[BlackElo "2155"]
[PlyCount "35"]
[EventDate "1997.04.27"]
[Source "J.Saunders"]
[SourceDate "1998.06.06"]

1. c4 g6 2. Nf3 Bg7 3. g3 c5 4. Bg2 Nc6 5. O-O e5 6. Nc3 Nge7 7. d3 O-O 8. Bd2
d6 9. Qc1 Rb8 10. Nh4 a6 11. a4 Nd4 12. Ra3 b5 13. axb5 axb5 14. cxb5 Be6 15.
Nf3 Nxb5 16. Nxb5 Rxb5 17. Ng5 Bd5 18. Bxd5 1/2-1/2

[Event "NCL967 Croydon-SW Dragons"]
[Site "Rd12"]
[Date "1997.??.??"]
[Round "12.6"]
[White "Moore, Gerald"]
[Black "Rayner, Francis"]
[Result "1/2-1/2"]
[WhiteElo "2215"]
[BlackElo "2185"]
[PlyCount "54"]
[EventDate "1997.04.27"]
[Source "J.Saunders"]
[SourceDate "1998.06.06"]

1. e4 c5 2. Nc3 Nc6 3. g3 g6 4. Bg2 Bg7 5. d3 d6 6. Be3 e6 7. Qd2 Nd4 8. Nd1 h6
9. c3 e5 10. f3 Nc6 11. Ne2 Nge7 12. O-O b6 13. f4 exf4 14. gxf4 f5 15. Bf2 Bb7
16. Ne3 O-O 17. Bh4 Qd7 18. Bxe7 Nxe7 19. Ng3 d5 20. exf5 d4 21. Nc4 Nxf5 22.
Bxb7 Qxb7 23. Nxf5 gxf5 24. Ne5 Kh7 25. Qg2 Qxg2+ 26. Kxg2 dxc3 27. bxc3 Rad8
1/2-1/2

[Event "NCL967 Croydon-SW Dragons"]
[Site "Rd12"]
[Date "1997.??.??"]
[Round "12.7"]
[White "Dyce, Andrew"]
[Black "McGrath, James"]
[Result "1-0"]
[WhiteElo "2135"]
[BlackElo "2088"]
[PlyCount "103"]
[EventDate "1997.04.27"]
[Source "J.Saunders"]
[SourceDate "1998.06.06"]

1. e4 Nf6 2. e5 Nd5 3. d4 d6 4. Nf3 Bg4 5. Be2 e6 6. c4 Nb6 7. Be3 Be7 8. Nc3
O-O 9. O-O d5 10. c5 Bxf3 11. Bxf3 Nc4 12. Bc1 b6 13. b3 Na5 14. b4 Nc4 15. Be2
a5 16. Qa4 Qd7 17. b5 bxc5 18. dxc5 Bxc5 19. Bxc4 dxc4 20. Rd1 Qc8 21. Qxc4 Bb6
22. Ba3 Re8 23. Rac1 Nd7 24. Na4 Nxe5 25. Qf4 Ng6 26. Qe4 Qb8 27. Qc6 Nf4 28.
Nxb6 Qxb6 29. Qxc7 Qxc7 30. Rxc7 Nd5 31. Rc6 Rec8 32. Rdc1 Rxc6 33. Rxc6 h6 34.
Bd6 Nb4 35. Bxb4 axb4 36. Ra6 Rb8 37. b6 b3 38. axb3 Kf8 39. Kf1 Ke7 40. Ra7+
Kd6 41. Rxf7 Rxb6 42. Rxg7 Rxb3 43. Rh7 Ke5 44. Rxh6 Kf5 45. g3 e5 46. Kg2 e4
47. Rh8 Rb2 48. Rf8+ Kg5 49. h4+ Kg6 50. Re8 Kf5 51. Re7 Re2 52. h5 1-0

[Event "NCL967 Croydon-SW Dragons"]
[Site "Rd12"]
[Date "1997.??.??"]
[Round "12.8"]
[White "Turvey, Syringa"]
[Black "Richmond, Jane"]
[Result "0-1"]
[WhiteElo "1624"]
[BlackElo "2180"]
[PlyCount "92"]
[EventDate "1997.04.27"]
[Source "J.Saunders"]
[SourceDate "1998.06.06"]

1. e4 e6 2. d4 d5 3. Nc3 Bb4 4. e5 c5 5. a3 Bxc3+ 6. bxc3 Ne7 7. Qg4 Qc7 8.
Qxg7 Rg8 9. Qxh7 cxd4 10. Ne2 Nbc6 11. h4 Qxe5 12. Bf4 Qf5 13. Qxf5 Nxf5 14.
Nxd4 Ncxd4 15. cxd4 Nxd4 16. Kd2 f6 17. Re1 Kf7 18. h5 e5 19. Be3 Nf5 20. c3
Be6 21. h6 Nxe3 22. Rxe3 Rg4 23. Rh2 d4 24. cxd4 Rxd4+ 25. Rd3 Rxd3+ 26. Bxd3
Rd8 27. Ke3 f5 28. g3 Kf6 29. f4 e4 30. Be2 Kg6 31. Bh5+ Kh7 32. Be2 Rg8 33. g4
fxg4 34. Kxe4 g3 35. Rh1 g2 36. Rg1 Kxh6 37. f5 Bd7 38. Bc4 Rg4+ 39. Kd5 Bxf5
40. Be2 Rg3 41. Ke5 Bh3 42. Kf6 Rxa3 43. Rb1 Rg3 44. Rb5 Rg6+ 45. Kf7 Be6+ 46.
Kf8 Bg4 0-1

[Event "NCL967 Celtic Kts-Guildford"]
[Site "Rd12"]
[Date "1997.??.??"]
[Round "12.1"]
[White "Williams, Leighton"]
[Black "Kinsman, Andrew"]
[Result "0-1"]
[WhiteElo "2135"]
[BlackElo "2400"]
[PlyCount "60"]
[EventDate "1997.04.27"]
[Source "J.Saunders"]
[SourceDate "1998.06.06"]

1. d4 d5 2. c4 c6 3. Nc3 dxc4 4. e3 b5 5. Nxb5 cxb5 6. Qf3 Qc7 7. Qxa8 Bb7 8.
Qxa7 e5 9. Bxc4 bxc4 10. Nf3 exd4 11. Qxd4 Nf6 12. Bd2 Nbd7 13. Rc1 Bd5 14. O-O
Bc5 15. Qh4 O-O 16. Bc3 Re8 17. Nd4 Qb7 18. Nf5 Bf8 19. f3 Qa7 20. Rcd1 Be6 21.
Nd4 Nd5 22. Nxe6 Nxc3 23. Rxd7 Qxe3+ 24. Kh1 Qxe6 25. Rc7 Nd5 26. Rxc4 Qe2 27.
Rcc1 Qxb2 28. Qa4 Re2 29. Rb1 Qe5 30. Qd1 Nc3 0-1

[Event "NCL967 Celtic Kts-Guildford"]
[Site "Rd12"]
[Date "1997.??.??"]
[Round "12.3"]
[White "Musson, Adam"]
[Black "Kennaugh, Charles"]
[Result "0-1"]
[WhiteElo "2090"]
[BlackElo "2290"]
[PlyCount "58"]
[EventDate "1997.04.27"]
[Source "J.Saunders"]
[SourceDate "1998.06.06"]

1. e4 e5 2. Nf3 Nc6 3. d4 exd4 4. Bc4 Nf6 5. O-O Nxe4 6. Nxd4 d5 7. Bb5 Bd7 8.
Nb3 a6 9. Re1 axb5 10. Qxd5 f5 11. f3 Nb4 12. Qd2 Qh4 13. g3 Qh5 14. fxe4 O-O-O
15. Qf2 Kb8 16. a3 Na6 17. Nc3 fxe4 18. Nxe4 Be7 19. Bf4 Rhf8 20. Qe3 Bc6 21.
Na5 Bd5 22. b4 Qh3 23. Rad1 g5 24. Rxd5 gxf4 25. Rxd8+ Bxd8 26. gxf4 Rg8+ 27.
Ng3 h5 28. Qf3 c6 29. Qxh5 Qxh5 0-1

[Event "NCL967 Celtic Kts-Guildford"]
[Site "Rd12"]
[Date "1997.??.??"]
[Round "12.4"]
[White "Abayasekera, Roger"]
[Black "Sheehan, Anthony"]
[Result "1-0"]
[WhiteElo "2255"]
[BlackElo "2100"]
[PlyCount "63"]
[EventDate "1997.04.27"]
[Source "J.Saunders"]
[SourceDate "1998.06.06"]

1. e4 e5 2. Bc4 Nf6 3. d3 Bc5 4. Nc3 a6 5. f4 d6 6. f5 c6 7. Qe2 b5 8. Bb3 Bb7
9. Nf3 Nbd7 10. Bg5 Qb6 11. O-O-O h6 12. Bh4 a5 13. a4 b4 14. Nb1 Be3+ 15. Nbd2
Nc5 16. Kb1 Nxb3 17. Nc4 Qc7 18. Qxe3 Nc5 19. b3 Qe7 20. d4 Ncxe4 21. Bxf6 gxf6
22. Qxe4 d5 23. Qe2 dxc4 24. dxe5 cxb3 25. cxb3 c5 26. Qb5+ Kf8 27. Rd7 Be4+
28. Ka2 Qe8 29. exf6 Rc8 30. Re1 Kg8 31. Rc7 Rb8 32. Rxe4 1-0

[Event "NCL967 Celtic Kts-Guildford"]
[Site "Rd12"]
[Date "1997.??.??"]
[Round "12.5"]
[White "Sinnett, Glyn"]
[Black "Thompson, Ian"]
[Result "0-1"]
[WhiteElo "2010"]
[BlackElo "2300"]
[PlyCount "62"]
[EventDate "1997.04.27"]
[Source "J.Saunders"]
[SourceDate "1998.06.06"]

1. e4 e6 2. d4 d5 3. Nc3 Bb4 4. e5 Ne7 5. a3 Bxc3+ 6. bxc3 b6 7. Nf3 Ba6 8.
Bxa6 Nxa6 9. O-O Nb8 10. Qe2 Nbc6 11. Bg5 O-O 12. Nd2 Qd7 13. f4 h6 14. Bh4 Ng6
15. Bg3 f5 16. exf6 Rxf6 17. Rae1 Raf8 18. Qg4 Qf7 19. Rf3 Rf5 20. Ref1 h5 21.
Qh3 Qf6 22. Re1 Nd8 23. Nf1 h4 24. Ne3 hxg3 25. Nxf5 gxh2+ 26. Kxh2 Qxf5 27.
Qxf5 Rxf5 28. g3 Rf6 29. Rfe3 Ne7 30. R3e2 Nf5 31. g4 Nd6 0-1

[Event "NCL967 Celtic Kts-Guildford"]
[Site "Rd12"]
[Date "1997.??.??"]
[Round "12.6"]
[White "Granat, Russell"]
[Black "Jones, Richard S"]
[Result "0-1"]
[WhiteElo "2265"]
[BlackElo "1865"]
[PlyCount "70"]
[EventDate "1997.04.27"]
[Source "J.Saunders"]
[SourceDate "1998.06.06"]

1. e4 c5 2. Nf3 d6 3. d4 cxd4 4. Nxd4 Nf6 5. Nc3 a6 6. Be2 e6 7. g4 Be7 8. g5
Nfd7 9. h4 Qc7 10. Be3 b5 11. Qd2 Bb7 12. a3 Nc6 13. h5 Nce5 14. b3 Rc8 15. Nd1
Bxe4 16. O-O Ba8 17. f3 Nb6 18. a4 bxa4 19. Bxa6 Bb7 20. Bb5+ Ned7 21. g6 hxg6
22. hxg6 Bf6 23. Nf2 Ke7 24. Bxd7 Qxd7 25. Rae1 Nd5 26. gxf7 Kxf7 27. Bg5 e5
28. Ne2 Rh5 29. Bxf6 gxf6 30. Ng4 Rg8 31. c4 Rxg4+ 32. fxg4 Qxg4+ 33. Ng3 Qxg3+
34. Qg2 Qxg2+ 35. Kxg2 Ne3+ 0-1

[Event "NCL967 Celtic Kts-Guildford"]
[Site "Rd12"]
[Date "1997.??.??"]
[Round "12.7"]
[White "Moore, R."]
[Black "Anderton, Matthew"]
[Result "0-1"]
[WhiteElo "1805"]
[BlackElo "2175"]
[PlyCount "52"]
[EventDate "1997.04.27"]
[Source "J.Saunders"]
[SourceDate "1998.06.06"]

1. d4 Nf6 2. Nf3 c5 3. c3 g6 4. Bg5 Bg7 5. e3 O-O 6. Bd3 d6 7. O-O Nc6 8. Nbd2
Qc7 9. h3 b6 10. Bf4 Bb7 11. Rc1 Rad8 12. Qc2 e5 13. Bg3 Qd7 14. Ne4 Nxe4 15.
Bxe4 d5 16. Bxd5 Qxd5 17. c4 Qd7 18. d5 Nb4 19. Qb1 Rfe8 20. a3 e4 21. axb4
exf3 22. bxc5 bxc5 23. b4 Bc8 24. bxc5 fxg2 25. Kxg2 Qxh3+ 26. Kg1 Bg4 0-1

[Event "NCL967 Celtic Kts-Guildford"]
[Site "Rd12"]
[Date "1997.??.??"]
[Round "12.8"]
[White "Ashby, Ann-Marie"]
[Black "Wilson, Julie"]
[Result "1-0"]
[WhiteElo "2110"]
[BlackElo "1656"]
[PlyCount "53"]
[EventDate "1997.04.27"]
[Source "J.Saunders"]
[SourceDate "1998.06.06"]

1. d4 Nf6 2. Bg5 e6 3. e4 Be7 4. Bd3 d5 5. e5 Nfd7 6. Bxe7 Qxe7 7. c3 c5 8. Ne2
Nc6 9. a3 f6 10. f4 cxd4 11. cxd4 fxe5 12. dxe5 Qh4+ 13. g3 Qh3 14. Nbc3 O-O
15. Qc2 Ndxe5 16. fxe5 Nxe5 17. O-O-O Qh6+ 18. Kb1 Rf2 19. Rdf1 Rxh2 20. Rxh2
Qxh2 21. Bxh7+ Qxh7 22. Rf8+ Kxf8 23. Qxh7 b6 24. Nf4 Kf7 25. Nh5 Bb7 26. Qxg7+
Ke8 27. Qxb7 1-0

[Event "NCL967 Hertford-Northumbria"]
[Site "Rd12"]
[Date "1997.??.??"]
[Round "12.1"]
[White "Ledger, Andrew"]
[Black "Duncan, Chris"]
[Result "1-0"]
[WhiteElo "2415"]
[BlackElo "2340"]
[PlyCount "49"]
[EventDate "1997.04.27"]
[Source "J.Saunders"]
[SourceDate "1998.06.06"]

1. e4 c5 2. Nc3 Nc6 3. g3 g6 4. d3 Bg7 5. Be3 d6 6. Qd2 e5 7. f4 Nge7 8. Bg2
O-O 9. Nf3 Rb8 10. O-O exf4 11. Bxf4 f5 12. Bh6 b5 13. Bxg7 Kxg7 14. Rae1 b4
15. Nd5 fxe4 16. dxe4 Bg4 17. Ng5 Qd7 18. Nf6 Rxf6 19. Rxf6 Kxf6 20. Qf4+ Bf5
21. exf5 Qxf5 22. Qxd6+ Kxg5 23. Rf1 Qxf1+ 24. Kxf1 Rb6 25. Qf4+ 1-0

[Event "NCL967 Hertford-Northumbria"]
[Site "Rd12"]
[Date "1997.??.??"]
[Round "12.2"]
[White "Swanson, Stephen"]
[Black "McNab, Colin"]
[Result "1/2-1/2"]
[WhiteElo "2265"]
[BlackElo "2465"]
[PlyCount "82"]
[EventDate "1997.04.27"]
[Source "J.Saunders"]
[SourceDate "1998.06.06"]

1. e4 g6 2. d4 d6 3. Nc3 c6 4. Be3 Nf6 5. Be2 Nbd7 6. g4 Qa5 7. Qd2 b5 8. g5 b4
9. gxf6 bxc3 10. Qxc3 Qxc3+ 11. bxc3 Nxf6 12. f3 Rb8 13. Bd3 Bg7 14. Ne2 O-O
15. Kd2 d5 16. Bf4 Rb6 17. Rhb1 Nd7 18. a4 e5 19. Be3 Rxb1 20. Rxb1 Rd8 21. a5
a6 22. Ke1 Re8 23. Kf2 Bf6 24. dxe5 Bxe5 25. Bf4 Bf6 26. Be3 Bd8 27. exd5 cxd5
28. Bd4 Bc7 29. h4 h5 30. Bb6 Bd6 31. Bd4 Ne5 32. Nf4 Nxd3+ 33. Nxd3 Be7 34.
Kg3 Bd8 35. Bb6 Bf5 36. Bxd8 Rxd8 37. Rb6 Rc8 38. Nb4 Rxc3 39. Nxd5 Rc5 40.
Ne7+ Kg7 41. Nxf5+ Rxf5 1/2-1/2

[Event "NCL967 Hertford-Northumbria"]
[Site "Rd12"]
[Date "1997.??.??"]
[Round "12.3"]
[White "Bell, Stephen"]
[Black "Byway, Paul"]
[Result "1-0"]
[WhiteElo "2365"]
[BlackElo "2230"]
[PlyCount "71"]
[EventDate "1997.04.27"]
[Source "J.Saunders"]
[SourceDate "1998.06.06"]

1. d4 Nf6 2. c4 e6 3. g3 d5 4. Bg2 Be7 5. Nf3 O-O 6. O-O dxc4 7. Qc2 a6 8. a4
Bd7 9. Rd1 Bc6 10. Nc3 a5 11. e4 Na6 12. Ne5 Nb4 13. Qe2 Be8 14. Nxc4 c6 15.
Be3 Nd7 16. Rac1 f6 17. d5 exd5 18. exd5 cxd5 19. Nxd5 Nxd5 20. Bxd5+ Kh8 21.
Be6 Ra6 22. Bxd7 Bxd7 23. Nb6 Rxb6 24. Bxb6 Qe8 25. Rxd7 Qxd7 26. Rc7 Qxa4 27.
Qxe7 Qd1+ 28. Kg2 Qd5+ 29. f3 Rg8 30. Rxb7 h5 31. Rd7 Qg5 32. h4 Qf5 33. Qf7
Kh7 34. Rd5 Qg6 35. Rxh5+ Qxh5 36. Qxh5# 1-0